| 000 | 00540nam a22001937a 4500 | ||
|---|---|---|---|
| 003 | KOHA_MİRAKIL | ||
| 005 | 20251110170016.0 | ||
| 008 | 251110b tu ||||| |||| 00| 0 tur d | ||
| 020 | _a9786051851723 | ||
| 040 |
_aTR-AnABB _btur _cTR-AnABB |
||
| 041 | _atur | ||
| 082 |
_aUZU 2017 _bUzuner, Buket, |
||
| 100 | 1 | _aUzuner, Buket, | |
| 245 | 1 | 0 |
_aİki yeşil susamuru / _cBuket Uzuner |
| 260 |
_aİstanbul : _bEverest Yayınları, _c2017 |
||
| 300 |
_a367 sayfa ; _c18 cm |
||
| 650 | 0 | 4 | _aTürk edebiyatı, roman |
| 942 |
_2ddc _cBK |
||
| 999 |
_c9321 _d9321 |
||
| 900 | _bGizem YORULMAZ | ||